| 000 | 01201nam a2200205Ia 4500 | ||
|---|---|---|---|
| 999 |
_c39055 _d39055 |
||
| 001 | 5586 | ||
| 003 | GE_BSU | ||
| 005 | 20190507114144.0 | ||
| 008 | 181216s1985||||ge |||||||||||||| ||geo|| | ||
| 040 | _cGE_BSU | ||
| 041 | _ageo | ||
| 080 | _a69(075.8) : 658 ს-24 | ||
| 245 |
_aსამშენებლო წარმოების ორგანიზაცია, დაგეგმვა და მართვა : _bსახელმძღვ. / _cი. გ .გალკინის საერთო რედაქციით ; მთარგმნ. ი. შენგელია ; ქართ. თარგმ. რედ. ა. კუჭუხიძე. |
||
| 264 |
_aთბილისი : _bუნ-ტის გამ-ბა, _c1985. |
||
| 300 |
_a556 გვ. : _bილ. ; _c22 სმ. |
||
| 653 | _aსამშენებლო წარმოების ორგანიზაცია, დაგეგმვა და მართვა | ||
| 700 |
_aშენგელია, ი. _eმთარგმნელი _9820 |
||
| 700 |
_aკუჭუხიძე, ა. _eქართული თარგმანის რედაქტორი _9821 |
||
| 942 |
_cBK _2udc |
||